La perspectiva de género : (Registro nro. 6275)
[ vista simple ]
| 000 -LEADER | |
|---|---|
| fixed length control field | 01248nab a22002417a 4500 |
| 003 - CONTROL NUMBER IDENTIFIER | |
| control field | OSt |
| 005 - DATE AND TIME OF LATEST TRANSACTION | |
| control field | 20260128204937.0 |
| 008 - FIXED-LENGTH DATA ELEMENTS--GENERAL INFORMATION | |
| fixed length control field | 190514b xxu||||| |||| 00| 0 spa d |
| 040 ## - CATALOGING SOURCE | |
| Transcribing agency | PJ |
| 100 ## - MAIN ENTRY--PERSONAL NAME | |
| 9 (RLIN) | 5888 |
| Personal name | Delgado Solis, Elba Érika |
| 245 13 - TITLE STATEMENT | |
| Title | La perspectiva de género : |
| Statement of responsibility, etc | una herramienta interpretativa que va más allá de la violencia / |
| Remainder of title | Erika Delgado Solis. |
| 300 ## - PHYSICAL DESCRIPTION | |
| Extent | p. 189-195 |
| 500 ## - GENERAL NOTE | |
| General note | Cita: TR LALEY AR/DOC/2710/2025. |
| 505 ## - FORMATTED CONTENTS NOTE | |
| Formatted contents note | Sumario: I. Breves palabras introductorias.— II. Plataforma fáctica y normativa. Valoración de los argumentos dados por los magistrados en su decisión.— III. La perspectiva de género como herramienta que garantiza derechos.— IV. Palabras de cierre. |
| 505 ## - FORMATTED CONTENTS NOTE | |
| Title | Fallo comentado: CFamilia, Mendoza ~ 15/05/2025 ~ O., L. A. c. B., V. R. s/ acción de nulidad. |
| 650 #0 - SUBJECT ADDED ENTRY--TOPICAL TERM | |
| 9 (RLIN) | 967 |
| Topical term or geographic name as entry element | DERECHO DE FAMILIA |
| 650 #0 - SUBJECT ADDED ENTRY--TOPICAL TERM | |
| 9 (RLIN) | 1022 |
| Topical term or geographic name as entry element | LIQUIDACION DE LA SOCIEDAD CONYUGAL |
| 650 #0 - SUBJECT ADDED ENTRY--TOPICAL TERM | |
| 9 (RLIN) | 3053 |
| Topical term or geographic name as entry element | VIOLENCIA DE GÉNERO |
| 650 #0 - SUBJECT ADDED ENTRY--TOPICAL TERM | |
| 9 (RLIN) | 4044 |
| Topical term or geographic name as entry element | PERSPECTIVA DE GÉNERO |
| 650 #0 - SUBJECT ADDED ENTRY--TOPICAL TERM | |
| 9 (RLIN) | 1057 |
| Topical term or geographic name as entry element | JURISPRUDENCIA APLICABLE |
| 773 0# - HOST ITEM ENTRY | |
| Host Biblionumber | 2844 |
| Host Itemnumber | 3222 |
| Place, publisher, and date of publication | Buenos Aires : AbeledoPerrot, 1989- |
| Title | Derecho de familia. Revista Interdisciplinaria de doctrina y jurisprudencia. Diciembre 2025-VI. |
| International Standard Book Number | 18511201 |
| 942 ## - ADDED ENTRY ELEMENTS (KOHA) | |
| Source of classification or shelving scheme | |
| Koha item type | Analítica Artículo de Revista |
No hay ítems disponibles.
